| 000 | 01555nam a2200361Ia 4500 | ||
|---|---|---|---|
| 001 | ebr10738660 | ||
| 003 | CaPaEBR | ||
| 006 | m o u | ||
| 007 | cr cn||||||||| | ||
| 008 | 130115s2013 nyu sb 001 0ceng d | ||
| 010 | _z 2013001918 | ||
| 020 | _z9780801451614 (cloth : alk. paper) | ||
| 020 | _z9780801469442 | ||
| 040 |
_aCaPaEBR _cCaPaEBR |
||
| 035 | _a(OCoLC)856738423 | ||
| 050 | 1 | 4 |
_aE451 _b.L38 2013eb |
| 082 | 0 | 4 |
_a973.7/1160922 _223 |
| 100 | 1 |
_aLaughlin-Schultz, Bonnie, _d1975- |
|
| 245 | 1 | 4 |
_aThe tie that bound us _h[electronic resource] : _bthe women of John Brown's family and the legacy of radical abolitionism / _cBonnie Laughlin-Schultz. |
| 260 |
_aIthaca, NY : _bCornell University Press, _c2013. |
||
| 300 | _aix, 276 p. | ||
| 504 | _aIncludes bibliographical references and index. | ||
| 533 |
_aElectronic reproduction. _bPalo Alto, Calif. : _cebrary, _d2013. _nAvailable via World Wide Web. _nAccess may be limited to ebrary affiliated libraries. |
||
| 600 | 1 | 0 |
_aBrown, John, _d1800-1859 _xFamily. |
| 600 | 1 | 0 |
_aBrown, John, _d1800-1859 _xRelations with women. |
| 600 | 3 | 0 | _aBrown family. |
| 650 | 0 |
_aWomen abolitionists _zUnited States _vBiography. |
|
| 650 | 0 |
_aAntislavery movements _zUnited States _xHistory _y19th century. |
|
| 650 | 0 |
_aWomen _xPolitical activity _zUnited States _xHistory _y19th century. |
|
| 655 | 7 |
_aElectronic books. _2local |
|
| 710 | 2 | _aebrary, Inc. | |
| 856 | 4 | 0 |
_uhttp://site.ebrary.com/lib/rucke/Doc?id=10738660 _zAn electronic book accessible through the World Wide Web; click to view |
| 999 |
_c36374 _d36374 |
||